| 000 | 00000nam##2200000za#4500 |
| 001 | 9.695813 |
| 003 | CaOODSP |
| 005 | 20210624234739 |
| 007 | cr ||||||||||| |
| 008 | 150407|2001||||xxc|||||o f|0| 0 eng|d |
| 040 | |aCaOODSP|beng |
| 043 | |an-cn--- |
| 086 | 1 |aE94-314/2001E-PDF |
| 110 | 1 |aCanada.|bCanadian International Development Agency. |
| 245 | 10|aCIDA's action plan on child protection : |h[electronic resource]|bpromoting the rights of children who need special protection measures |
| 260 | |aHull - Quebec : |bCanadian International Development Agency |cJune 2001. |
| 300 | |a52|btable |
| 500 | |aPhotographs not included. The catalogue number (E94-314/2001E) and ISBN (0-662-30721-6) for the print edition have been incorrectly copied in this electronic publication. |
| 590 | |a12-16-Supp|b2012-04-17 |
| 690 | 07|aAdvocacy|2gcpds |
| 690 | 07|aChild poverty|2gcpds |
| 690 | 07|aChildren's rights|2gcpds |
| 775 | 08|tPlan d'action de l'ACDI pour la protection des enfants : |w(CaOODSP)9.639907 |
| 776 | 0#|tCIDA's action plan on child protection : |w(CaOODSP)9.648234 |
| 856 | 40|ahttp://publications.gc.ca|qPDF|s286 KB|uhttps://publications.gc.ca/collections/Collection/E94-314-2001E.pdf |